The geography of transport systems
Αποθηκεύτηκε σε:
| Κύριος συγγραφέας: | |
|---|---|
| Μορφή: | Βιβλίο |
| Γλώσσα: | English |
| Δημοσίευση: |
London :
Routledge / Taylor and Francis Group,
c2013.
|
| Έκδοση: | 3rd ed. |
| Θέματα: | |
| Ετικέτες: |
Προσθήκη ετικέτας
Δεν υπάρχουν, Καταχωρήστε ετικέτα πρώτοι!
|
MARC
| LEADER | 00000nam a2200000 a 4500 | ||
|---|---|---|---|
| 001 | 1/111559 | ||
| 008 | 160829t2013####uk | ||| |||| ||eng|| | ||
| 020 | |a 9780415822541 |q (χαρτόδετο) | ||
| 040 | |a GR-MyUa |b gre |c GR-MyUa |e AACR2 | ||
| 041 | 0 | |a eng | |
| 082 | 7 | |a 388.01 |2 (23) | |
| 100 | 1 | |a Rodrigue, Jean-Paul, |e aut | |
| 245 | 1 | 0 | |a The geography of transport systems / |c Jean-Paul Rodrigue with Claude Comtois and Brian Slack. |
| 250 | |a 3rd ed. | ||
| 260 | |a London : |b Routledge / Taylor and Francis Group, |c c2013. | ||
| 300 | |a xv, 411 σ. : |b διαγρ., εικ. ; |c 25 εκ. | ||
| 504 | |a Περιλαμβάνει βιβλιογραφικές παραπομπές και ευρετήριο. | ||
| 650 | 0 | |a Transportation geography | |
| 852 | |a INST |b CHIOS |c EUDOXUS |e 20160829 |h 388.01 ROD |p 005200037184 |q 005200037184 |t BK |y 0 | ||
| 920 | |a Εύδοξος |b Παραγγελία |y Χίος-ΤΝΕΥ |z 2016-05 | ||
| 970 | |a Σπέντζα |b Ελένη |z 29-08-2016 | ||